[Event "Pere Noel"]
[Site "Montreal CAN"]
[Date "2024.12.30"]
[Round "5.15"]
[White "Zhang, Yitian"]
[Black "Jiang, Barron Jiyu"]
[Result "1-0"]
[Annotator "John Upper"]
[WhiteElo "1824"]
[BlackElo "1993"]
[WhiteFideId "-1"]
[BlackFideId "-1"]
[PlyCount "55"]
[Beauty "8249293939220"]
[GameId "2135182391235067"]
[EventDate "2024.12.27"]
[EventType "swiss"]
[EventRounds "5"]
[EventCountry "CAN"]
[SourceTitle "Chess Canada 25"]
[Source "JohnUpper?CFC"]
[SourceDate "2025.06.29"]
[SourceVersion "1"]
[SourceVersionDate "2026.07.01"]
[SourceQuality "1"]

1. d4 Nf6 2. c4 g6 3. Nc3 d5 4. cxd5 Nxd5 5. e4 Nxc3 6. bxc3 Bg7 7. Nf3 c5 8. Rb1 {[#]} Nc6 $6 ({I couldn't find any player over 2600 who didn't play} 8... O-O {here. But there are down-sides of continuing this way if you are a much higher-rated player who wants to create chances as Black:  first, the resulting positions are extremely well-tested so you can expect even a much lower-rated opponent to know what to do; second, some of those lines lead to forced draws or bad positions.} 9. Be2 cxd4 (9... Nd7 $5 {resupplying the kingside from f6.}) 10. cxd4 Qa5+ {Analysis Diagram [#] Drawing with the Grunfeld There are over 2500 games from this position in the Chessbase 2026 Megabase, including 100s from 2600+ players. Black is fine, but (unfortunately for Black) White has the choice of a safe ending with d2 or an interesting (but very well-explored) gambit with d2.} 11. Bd2 (11. Qd2 Qxd2+ 12. Bxd2 b6 13. O-O {makes it hard for Black to create any chances.} Bb7 14. Bd3 e6 15. Bf4 Rd8 16. Bg5 Rc8 17. Rfe1 Nd7 $11 {1/2 Harikrishna,P (2707)-Navara,D (2657) POL-chT Ekstraliga Chotowa 2025 (3.1)}) 11... Qxa2 12. O-O Bg4 (12... b6 13. Qc1 Bb7 14. Bc4 Qa4 15. Bb5 Qa2 16. Bc4 $11 {is one of the forced draws.}) 13. Bg5 h6 14. Be3 Nc6 15. d5 Bxf3 16. Bxf3 Ne5 17. Rxb7 a5 {Analysis Diagram [#] White gets the pawn back, but Black has counterplay with the passed a-pawn and kingside perpetuals.} 18. Rxe7 (18. Bc5 a4 19. Bxe7 Rfb8 20. Rxb8+ Rxb8 21. d6 Qe6 $1 22. Qxa4 Nxf3+ 23. gxf3 Qh3 $1 24. Qa5 Qxf3 25. Qd5 Qg4+ {1/2 Van Wely,L (2643)-Svidler,P (2689) Biel GM 2000 (5)}) 18... a4 19. Bd4 Nxf3+ 20. gxf3 Bxd4 21. Qxd4 $11 Qe2 (21... a3 22. d6 Qe2 23. Kg2 a2 24. Ra1 Rab8 25. d7 Rb1 26. d8=Q Qf1+ 27. Kg3 Qg1+ 28. Kh3 Qf1+ 29. Kg3 Qg1+ {1/2 Kramnik,V (2802)-Svidler,P (2695) Zuerich Kortschnoj-B rapid 2001 (3)}) 22. Kg2 a3 23. Ra1 {[#] Critical Position Passed pawns must be pushed...?} a2 $4 {Auto-pilot?} (23... Qb2 $142 24. Qxb2 axb2 25. Rb1 Rfb8 26. d6 $8 {Black should easily draw the 4v3.}) 24. d6 $2 {White is also on auto-pilot.} (24. Ra7 $8 $18 {wins the a-pawn without allowing kingside counterplay.}) 24... Rab8 $11 25. Rc7 Rb3 26. Rc3 $8 $11 {With the usual kingside counterplay for a draw.} Qb2 27. Rc4 Qe2 28. Rc3 Qb2 29. Rc4 Qe2 30. Rc3 Qb2 {1/2 Vazquez Igarza,R (2574)-Hansen,E (2614) ESP-chT CECLUB Div1 Linares 2017 (3.2)}) 9. d5 Ne5 10. Nxe5 Bxe5 11. Qd2 {[#]} Qa5 $6 {Threatens to win a pawn -- 12.c4?? c3-+ -- and it's consistent with the Grunfeld's usual counterattack-the-dark-diagonal strategy, but White turns out to be more than capable of giving a pawn for the attack.} (11... O-O $142 12. f4 Bc7 13. Bc4 e6 14. O-O b6 15. e5 exd5 16. Bxd5 Bf5 17. Rb3 Be6 18. c4 Qe7 19. Bb2 Rad8 20. f5 gxf5 21. Qh6 f4 22. Rxf4 Kh8 23. Rg3 f6 24. exf6 {1-0 Lesiege,A (2513)-Basque,R Montreal CC-ch 2004 (2)}) 12. Bb5+ $1 Kf8 13. O-O (13. Rb3 $1 a6 14. Be2 b5 15. f4 Bg7 16. O-O $16 Bd7 17. Ra3 Qb6 18. c4 b4 19. Rd3 Bc3 20. Rxc3 $1 bxc3 21. Qxc3 $18 {1-0 Pein,M (2435)-James,D (2225) BCF-chT 9798 (4NCL) England 1997 (10.4)}) 13... a6 14. Bd3 {[#]} Bxc3 (14... Qxc3 15. Qe2 $1 $16 {and Black will lose another couple of moves bringing the  to safety.}) 15. Qh6+ $5 Bg7 16. Qf4 b5 (16... Qd8 $142 {eyes d5 without fearing a skewer from e4 to a8.} 17. Be3 Qd6 $1 $14) (16... Qxa2 $2 {grabs a pawn and also eyes d5, but} 17. Qc7 $1 {threatens mate and more.}) 17. e5 $1 $16 Qc3 {[#]Critical Position White is up a pawn, but is getting forked on d3 and e5....} 18. e6 $8 $18 {Saves the e5 pawn with a mate threat, and opens the line for a c7 invasion.} f6 (18... Bf6 19. Bb2 Qxd3 20. Bxf6 exf6 21. Qxf6 $18 {threatens mate and the .}) (18... Qf6 19. Qc7 fxe6 {makes an escape square for the  on f7, but White has more than one way to win this:} 20. Bb2 {piles on the pressure.} (20. d6 $1 exd6 21. Qc6 $18 {wins the a8 for a handful of pawns.}) 20... Qg5 $5 (20... e5 {defends the  and even threatens to win with ...d6!, but} 21. f4 $8 $18 {blows everything open, and (importantly) on ...d6 exf5+ wins the .}) 21. d6 Bxb2 22. Be4 $8 $18 {I find it fascinating -- and a bit unnerving -- that even a position as overwhelmingly strong as White's here can turn entirely on something as tricky as an intermediate move to win an exchange.}) (18... f5 $1 {this doesn't save Black, but it does take away the e4 square, which (as we just saw) is critical in one other variation. White has at least two winning continuations, which lead to comepletely different kinds of games.} 19. Qc7 {keeps up the attack.} (19. Bxf5 $1 {allows Black to "escape" to a terrible ending:} Qe5 $1 (19... gxf5 20. Bb2 $18) 20. Be4+ $1 Qxf4 21. Bxf4 $18 {Material is equal and Black isn't getting attacked anymore, but White has a huge lead in development and can play to crack open lines with a4.}) 19... Bxe6 20. Bb2 $1 Qxd3 21. Bxg7+ $8 Kxg7 {Analysis Diagram [#]} 22. Qe5+ $8 (22. dxe6 $4 Qd6 $19) 22... Kh6 $5 23. Rb3 $8 $18 {everything else loses! Once again: a "crushing" position comes down to finding an inbetween-only-move.} Qe4 24. Rh3+ $8 Kg5 25. f4+ $8 Kg4 {White "should" be winning, right? Can you find the win?* . . . *Answer: One way is h6!!, aiming for h3+ and f3.  Could you have spotted it back at move 20? Or is it enough to "feel" it's there?}) 19. Qc7 $1 {Another mate threat.} Bxe6 $1 20. dxe6 Qxd3 {[#]} 21. Bf4 $8 $18 {Connecting the s and stopping ...d6.} (21. Be3 $2 Qd6 $11) 21... Qd5 22. Rbd1 Qxe6 23. Rfe1 {[#]Materially, White is down three pawns; but every single white piece is on its dream square and every black piece is either inactive or vulnerable.} Qf7 24. Rd7 ({Only moves are no longer necessary:} 24. Rxe7 Qxe7 25. Bd6 $18) 24... Re8 25. Bd6 {Forking e7 and c5. ;-)} Qxa2 26. Rexe7 Rxe7 ({There are no back rank issues for White} 26... Qb1+ 27. Re1+ {with check.}) 27. Rd8+ Kf7 28. Qxe7# 1-0

[Event "RA December op"]
[Site "Ottawa CAN"]
[Date "2024.12.07"]
[Round "2.7"]
[White "Demchenko, Svitlana"]
[Black "Berube, Maximilien"]
[Result "1-0"]
[Annotator "John Upper"]
[WhiteElo "2336"]
[BlackElo "1990"]
[WhiteFideId "-1"]
[BlackFideId "-1"]
[PlyCount "51"]
[GameId "2160767905787056"]
[EventDate "2024.12.06"]
[EventType "swiss"]
[EventRounds "5"]
[EventCountry "CAN"]
[SourceTitle "Chess Canada 25"]
[Source "JohnUpper?CFC"]
[SourceDate "2025.06.29"]
[SourceVersion "1"]
[SourceVersionDate "2026.07.01"]
[SourceQuality "1"]

1. d4 Nf6 2. c4 e6 3. Nc3 Bb4 4. e3 O-O 5. Bd2 c5 6. a3 Bxc3 7. Bxc3 Ne4 8. Ne2 b6 9. d5 $1 {[#] A very modern position -- a Benoni and Nimzo mix -- with no examples before 2019, but a lot of top-level games during the pandemic.} Ba6 10. b3 {Defends c4 and threatens to save the DSB with b2!.} (10. f3 Nxc3 11. Nxc3 Bxc4 $1 12. Bxc4 Qh4+ 13. g3 Qxc4 $11 14. h4 $1 {1-0 Carlsen,M (2835)-Tari,A (2641) FIDE World Cup Baku 2023 (3.1)}) (10. Qd3 {has been played a lot by 2026 Candidate Matthias Bluebaum. Black does well with} exd5 $1 11. Qxd5 {Analysis Diagram [#]  White forks e4 and a8, but Black has} Qe7 $1 12. b3 (12. Qxa8 $4 Nc6 {traps the , and after} 13. Qxf8+ Kxf8 {materially White is up  v , but so far behind in development that SF18 rates it -3.5.}) 12... Re8 $1 {This and the remainder of the game follows 2022 analysis by John Emms from the ChessPublishing.com site.} 13. Bb2 Nxf2 $1 14. Kxf2 Qxe3+ 15. Ke1 Qxb3 16. Qd2 $8 Bxc4 17. Kf2 $1 $11 d5 18. Rd1 $1 Nc6 (18... d4 $4 19. Nxd4 $18) 19. Nc1 Qa4 20. Bxc4 dxc4 $11 {White has survived Black's excellent prep and chose to pull the chute with} 21. Bxg7 Kxg7 22. Qg5+ Kh8 23. Qf6+ Kg8 24. Qg5+ Kh8 25. Qf6+ {1/2 Bluebaum,M (2670)-Nihal,S (2684) World-chT Rapid Duesseldorf 2023 (10)}) 10... Nxc3 $6 {Eliminating the  before White can save it with b2 is good idea -- if it were White to move then b2 would be  -- but Black's position requires much more dynamic play, and this exchange makes White's game easy by speeding her development and clamping down on b5 and d5.} (10... b5 $142 $13 {Opening Analysis  [#]} 11. Qc2 ({White can save the DSB with} 11. cxb5 $6 $146 Bxb5 12. Bb2 $13 {but now Black has} Qa5+ $5 $11 {when the tactically complex critical line works better for Black:} 13. b4 (13. Nc3 $142 Bxf1 $15) 13... cxb4 14. Qd4 $1 bxa3+ 15. Nc3 Qb6 $8 $17 (15... axb2 $2 16. Rxa5 Nxc3 17. Rxb5 $8 Nxb5 18. Qxb2 a6 $8 $16) 16. Rxa3 $1 Qxd4 $8 17. exd4 Bxf1 18. Rxf1 {and Black gets a favourable endgame with passed a-pawn and good  vs mediocre ; e.g.} Nxc3 (18... Nf6 $1) 19. Bxc3 exd5 20. Ra5 $8 $15) 11... exd5 12. cxd5 Nxc3 13. Qxc3 (13. Nxc3 b4 $11) 13... d6 14. Ng3 Nd7 15. Be2 Nf6 16. Qd2 $11 {1-0 Nakamura,H (2794)-Praggnanandhaa,R (2747) Norway Chess 12th Stavanger 2024 (4)}) 11. Nxc3 $14 d6 12. Bd3 {[#] Critical Position ...e5 or ...d7 or ...exd5} e5 $2 {Bad B vs Good B Again, Black opts for slow play when If Black's  was still on c8 this would be a good move -- able to support ...f5 and play vs White's "bad" B. But sitting on a6 when the white c3 stops ...b5 it generates no threats and leaves the kingside light squares weak.  Statically, Black's central position is pretty good: LSB and stable pawns on dark squares. But White's direct play never allows Black to stabilize, and the potentially bad d3 turns out to be a star.  White's following play gives an excellent lesson in how to exploit this.} (12... exd5 $5 {Gives White a choice of good games.} {Stronger is} 13. Qh5 $1 {is much more complex, but it's best if White sees her way through it} (13. Nxd5 $14 {is a no-frills advantage: Black has no comp for the d-file weaknesses.}) 13... g6 14. Qxd5 $1 Qf6 $1 (14... Qc7 {doesn't trap the :} 15. Qxa8 Nc6 16. Nd5 $8 $18 {hits the  and threatens xc6.}) 15. O-O $1 Qxc3 16. Rfc1 $8 $18 (16. Rac1 $2 {costs a tempo on the f1, which allows Black to get too many pawns for the exchange} Qxb3 17. Bc2 Qxc4 18. Qxa8 Qe6 $15) 16... Qxb3 17. Bc2 $8 $18 Qxc4 18. Qxa8 $18 {If we stop here and count we see Black is ahead  for ; but now White threatens both xg6 and (even better) xa7 with strong pressure against the Black queenside.}) ({Best is the sharp} 12... Nd7 $142 $1 {where it's important to see that after} 13. dxe6 fxe6 14. Be4 {the double-attack on a8 and d6 does not win due to} Qf6 $1 $132 {hitting f2 and c3.} 15. Qc2 {Defending f2 and c3. [#]  A wild position and lots of chances for Black, so long as he continues to crank the dynamics to 11. The computer's top line continues:} d5 $1 16. cxd5 Ne5 $1 17. O-O-O (17. dxe6 $2 Nd3+ $15 {overloading the .}) 17... c4 $13) 13. Qc2 (13. g4 $5 {SF18}) 13... Kh8 {Daring White to take on h7.} (13... g6 14. h4 $16 {with a simple and strong attack.}) 14. h4 $1 $16 Bc8 {[#]Critical Position What happens if xh7?} (14... h6 {saves the h7 pawn, but not the game.} 15. g4 $40 {exploits the  being on the same file as the .} Bc8 16. g5 (16. f3 $16) 16... h5 (16... hxg5 $2 17. hxg5+ Kg8 18. Bh7+ Kh8 19. Bg8+ Kxg8 20. Qh7# {is Puzzle Rush.}) 17. Be2 Bg4 (17... g6 18. Qd1 $18 {and xh5}) 18. Bxg4 (18. f3 $5) 18... hxg4 $18 {the g4 pawn is doomed and White could even win by trading s and putting her  on e4.}) 15. Bxh7 $1 g6 16. h5 $8 $18 (16. Bxg6 $2 {nets three (or 4) pawns for the , but Black fights on:} fxg6 17. Qxg6 Bf5 $1 (17... Qf6 $2 18. Qh5+ Kg7 19. Ne4 $16) 18. Qh6+ Bh7 19. Ne4 Nd7 $13 {with tactics protecting d6.}) 16... Kxh7 {Challenges White to finish the attack.... which she does.} (16... g5 {is the computer's choice, but it's obviously hopeless.}) 17. hxg6+ {[#]} Kg7 (17... Kg8 18. g7 $1 Kxg7 19. Qh7+ Kf6 20. Qh4+ {is similar to the game.}) 18. Rh7+ $1 Kf6 19. Qe4 $1 Ke7 20. Qh4+ Kd7 {[#]} 21. g7 $1 Qxh4 (21... Rg8 22. Qxd8+ Rxd8 23. Rh8 $18) 22. gxf8=N+ $8 {Don't see that every day.} Ke7 23. Rxh4 ({I wouldn't have been able to resist} 23. Ng6+ {, which works too.}) 23... Bf5 (23... Kxf8 24. Rh8+ {skewers c8.}) 24. e4 Nd7 25. Nxd7 Bxd7 26. Kd2 1-0

[Event "British Columbia op"]
[Site "Burnaby CAN"]
[Date "2025.02.17"]
[Round "5.13"]
[White "Tu, Liam"]
[Black "Guo, Biaobiao Boyong"]
[Result "0-1"]
[Annotator "John Upper"]
[WhiteElo "1819"]
[BlackElo "1895"]
[WhiteFideId "-1"]
[BlackFideId "-1"]
[PlyCount "66"]
[Beauty "8180973194832"]
[GameId "2162699947429499"]
[EventDate "2025.02.15"]
[EventType "swiss"]
[EventRounds "6"]
[EventCountry "CAN"]
[SourceTitle "Chess Canada 25"]
[Source "JohnUpper?CFC"]
[SourceDate "2025.06.29"]
[SourceVersion "1"]
[SourceVersionDate "2026.07.01"]
[SourceQuality "1"]

1. d4 Nf6 2. c4 g6 3. f3 Bg7 4. e4 d6 5. Nc3 O-O 6. Bg5 h6 7. Be3 {[#]} e5 $5 {White gets an advantage after this, but it's not losing, and it keeps more fight in the game than the GM equalizer ...c7-c5:} (7... c5 {is a known equalizer, but that's not why most people play the KID.} 8. dxc5 ({If White wants a fight he can head for a Benoni with} 8. d5 e6 $1) 8... dxc5 9. Qxd8 Rxd8 10. Bxc5 Nc6 11. Nge2 b6 12. Ba3 (12. Be3 $2 Nb4 $17) 12... e6 13. Rd1 Bb7 $44 {Sample Game [#] The computer rates the top 5 lines here as all 0.00. I'll include the rest because it's a model of how Black gets counterplay vs White's "overextended" c-pawn, and the final repetition tactic is cute:} 14. Nb5 Ne8 15. Nc1 Rxd1+ 16. Kxd1 Rc8 17. Nb3 a5 18. Kc2 Ba6 19. Kb1 {Sample Game [#] The following is pretty-much forced:} a4 20. Nc1 Na5 21. b3 axb3 22. axb3 Bxb5 23. cxb5 Nxb3 $1 24. Nxb3 Rc3 25. Ka2 Rc2+ 26. Kb1 Rc3 27. Ka2 Rc2+ {1/2 Salov,V (2715)-Kamsky,G (2710) Candidates FIDE f2 Sanghi Nagar 1995 (2)}) 8. d5 a5 9. Qd2 Kh7 10. O-O-O Na6 11. g4 Nd7 12. h4 Ndc5 {[#]} 13. g5 $6 {Maybe a positional misevaluation, thinking that after ...f5 and gxf6 the half-open g-file will be better for White than the half-open f-file. Instead, White should improve pieces with b1 or ge2-g3 before choosing a pawn break .} (13. Nge2 Nb4 14. Bxc5 $1 {or b1,} ({but not} 14. Ng3 $4 Nxa2+ $1 $17 {wins a pawn by threatening ...b3+.}) 14... dxc5 15. a3 Na6 16. Ng3 Bf6 $6 17. Bd3 $1 (17. g5 $1) 17... Bxh4 $4 18. Rxh4 $8 Qxh4 19. Rh1 Qxg3 20. Qxh6+ {mates.}) 13... h5 $1 14. Nge2 {[#]} b6 $6 {SF18 rates this as a nearly -1 error worse than both ...d7 and ...a5, which it rates as about equal. The problem, I think, is that now Black will never be able to challenge the center with ...c6 (and possibly ...b5), since dxc6 would make d5 a very strong outpost. This means Black's only break will be with the f-pawn, and knowing this allows White to prepare against it.} 15. Ng3 Nb4 16. Qg2 {Cotinuing with the idea of play on the g-file? Instead, b1 dodges ...xa2+b3+, and keeps the  lined up to control the dark squares when they open up.} (16. Kb1 f5 $2 {[#] Critical Position Black has just played ...f7-f5.  This thematic KID break is bad here if White makes the right trades that grab the e4 outpost.} 17. exf5 (17. gxf6 $2 Rxf6 18. Be2 Qf8 $132 {and ...h6.}) 17... Bxf5+ (17... gxf5 {just hangs h5.}) 18. Nxf5 Rxf5 19. Bxc5 $1 (19. Bh3 $16) 19... bxc5 20. a3 Na6 21. Bd3 $18 {Black's a6 and g7 are both terrible and the pressure on the b1-h7 diagonal (including the loose h5-pawn) will requre a sac to blunt.}) 16... f5 17. gxf6 $2 ({As in the previous note, White should play the "anti-positional" trade of his good DSB in return for excellent play on the light squares:} 17. Bxc5 $1 {or exf5 then xe4, grabbing the e4 square and leaving the b4 and g7 with no future.}) 17... Qxf6 $1 $15 18. Be2 Bh6 $1 {[#] The only good diagonal for the DSBs, and White no longer controls it.} 19. Bxh6 Kxh6 20. Kb1 a4 21. Rhg1 a3 22. b3 Bd7 {[#] The queenside structure ---  W: pawns a2, b3, c4; vs  B: pawn a3, b4, c5 -- is almost a priyome in the KID, the most famous example being Reshevsky - Bronstein, Zeurich 1953. It gives Black long-term pressure with threats of ...xb3.} 23. Nh1 $6 (23. Nb5 $5 {since} Bxb5 24. cxb5 $16 {traps the b4.}) (23. Nf1 {heading to c2 to trade the b4.} Be8 24. Qg5+ Qxg5 25. hxg5+ (25. Rxg5 $4 Rf4 $19) 25... Kg7 26. Ne3 $11 {there are no open files for the s and both s are terrible. Black has a passed pawn, but I can't imagine a realistic way to support it.}) (23. Rd2 Rg8 24. Bd1) 23... Be8 (23... Rg8 $1 24. Qg5+ Qxg5 25. hxg5+ Kg7 {and it's still difficult for White to unscramble; e.g.} 26. Nf2 Rgf8 27. Rg3 {hoping to trade one of the s,} Rf7 28. Nd3 $2 Ncxd3 29. Bxd3 h4 $1 $19 {wins f3 next, and one of the minors on the 3rd rank one move later.}) 24. Qf2 $2 {This gives up the option to trade s with g5+, and Black immediately exploits this to invade.} (24. Nb5 {attacking c7 reduces Black's freedom.}) 24... Qf4 $1 {[#]Critical Position g3 or g2?} 25. Rg2 $2 (25. Qg2 Qxh4 $17) (25. Qg3 {is definitely the better practical choice: it won't save the game, but requires a different set of skills from Black.} Qxg3 $1 (25... Qe3 26. Qg5+ $8 $15) 26. Nxg3 {(xg3 is similar) Analysis Diagaram [#] To me it's not obvious what's going on here. White's  and c3 currently neutralize Black's pressure on a2 and b3; the backward pawns on f3 and g6 are theoretically weak, but both are defended by s that don't seem to have any hope of a more active life anyway.  In fact, SF18 rates Black as winning based on plans involving exchange sacs on f3, which would undermine both the c3 and e4, and the exposed  will force White to defend both the back rank and the 2nd rank; and if White somehow manages all that, Black can create an outside passer with ...g5.  By Stockfish's reckoning, that's more than White can manage.  Here are some illustrative lines:} Rf4 $5 ({the computer's choice is to use tactics to transfer the  to f4 with:} 26... Ncd3 $1 {since} 27. Bxd3 Rxf3 $19 {gets the piece back and breaks through.}) 27. Rh1 Bd7 28. Nb5 Raf8 $1 {Analysis Diagram [#] The most direct, and an excellent illustration of the long-term power of Black's queenside pressure:} 29. Rh2 $1 {guards the 2nd rank, so if Black wants to break through it will be a real exchange sac} (29. Nxc7 Rxf3 $8 30. Rdf1 $5 (30. Bxf3 Rxf3 31. Rhg1 Rf2 $19 {is mating; White can't allow a black  to the 2nd.}) 30... Rxf1+ 31. Rxf1 Rxf1+ 32. Bxf1 g5 $1 33. hxg5+ Kxg5 $19 {every single black piece -- including the  -- is better than its white counterpart, all of which are comically inept a stopping the h-pawn.}) 29... Rxf3 30. Bxf3 Rxf3 31. Rg1 Bxb5 32. cxb5 Nbd3 {is +2; White will lose e4 or h4 before being able to create any counterplay, so long as Black doesn't fall for} 33. Nf5+ $3 gxf5 $2 (33... Kh7 $8 $19) 34. Rhg2 $11) 25... Nxb3 $3 $19 26. Rgg1 (26. axb3 a2+ $8 27. Kb2 {gives Black a fancy finale} (27. Nxa2 Rxa2 {is obviously hopless -- Black goes ...f7 and ...fa8 and White resigns.}) 27... Qd2+ $1 28. Rxd2 a1=Q#) 26... Nd2+ 27. Rxd2 Qxd2 {Fox, meet henhouse.} 28. Bd1 Qd3+ 29. Bc2 Qxc3 30. Bb3 Rxf3 31. Qg2 {[#]} Qd3+ 32. Ka1 Qd4+ 33. Kb1 Rxb3+ $1 0-1